000 00545 a2200193 4500
001 62010
005 20260407155914.0
008 260407a1979 arg spa d
003 AR-UNSa-BCEJYS
040 _aAR-UNSa-BCEJYS
_bspa
_cAR-UNSa-BCEJYS
080 _a349.2
_xDerecho del Trabajo
245 1 0 _aDerecho laboral
264 1 _aLa Plata :
_bLEP (Librería Editora Platense)
_c1979
300 _a2 v. (387 ; 691 p.)
_c22 cm.
041 _aspa
942 _cBK
590 _aniveau_biblio:m niveau_hierar:0
100 1 _aCapon Filas, Rodolfo E.
999 _c7541
_d7541